|
|
|
|
| LEADER |
00000nab a2200000 a 4500 |
| 001 |
vtls000775129 |
| 003 |
SK-MaSNL |
| 005 |
20260303220636.0 |
| 008 |
240405c2001 xo 0 slo |
| 015 |
|
|
|a SNBRB2001/11-34153
|
| 035 |
|
|
|a CLN000126916
|
| 040 |
|
|
|a SNKBUCL
|b slo
|c SNKBUCL
|e AACR2
|
| 041 |
0 |
|
|a slo
|
| 044 |
|
|
|a xo
|c SK
|
| 080 |
|
|
|a 82.09:885.4-1(048)
|2 1997
|
| 080 |
|
|
|a 885.4-1(048)
|2 1997
|
| 100 |
1 |
|
|a Moravčík, Štefan,
|d 1943-
|4 aut
|9 98697
|
| 245 |
1 |
0 |
|a Keď pršalo víno-
|c Štefan Moravčík
|
| 650 |
0 |
7 |
|a slovenská poézia
|2 snkbucl
|9 215422
|
| 655 |
|
7 |
|a recenzie
|2 snkbucl
|9 21907
|
| 655 |
|
7 |
|a články z novín a časopisov
|2 snkbucl
|9 267496
|
| 655 |
|
7 |
|a články z odboru literárna veda a krásna literatúra
|2 snkbucl
|9 770045
|
| 773 |
0 |
|
|t Slovenské pohľady
|g Roč. 4+117, č. 10 (2001), s. 105-106
|
| 787 |
0 |
8 |
|i Rec.:
|a Bindzár, Juraj, 1943-
|t Krajina nespavosti
|d Bratislava : Vydavateľstvo Spolku slovenských spisovateľov, 2000
|z 8080610401
|
| 850 |
|
|
|a Slovenská národná knižnica
|
| 852 |
|
|
|a Slovenská národná knižnica
|
| 958 |
|
|
|a LX
|
| 958 |
|
|
|a SK
|
| 958 |
|
|
|a RC
|
| 992 |
|
|
|a RBX
|
| 999 |
|
|
|c 2228186
|d 2230116
|